000 01038nam a22002415i 4500
001 151620
003 ES-MaACL
005 20250728043245.0
008 041014s1870 it |||| | ita d
040 _aCAM
_bspa
_cCAM
245 0 0 _aAtti della Reale Accademia di Scienze Morali e Politiche di Napoli.
260 _aNapoli :
_b[Società Reale di Napoli],
_c1870 (
_fStamperia della R. Universitá)
300 _av. ;
_c30 cm.
500 _aSaggio premiato della R. Accademia di Scienze Morali e Politiche di Napoli nel concorso dell'anno 1866.
505 8 _aT. V. Teoria della elezione politica : saggio / di Guido Padelletti (308 p.)
596 _aEl editor tomado de antep.
650 0 4 _aElecciones.
_912139
650 7 _aDemocracia
_2embne
_911574
700 1 1 _aPadelletti, Guido.
_tTeoria della elezione politica.
_9130765
710 2 1 _aReale Accademia di Scienze Morali e Politiche di Napoli.
_9134799
852 _aES-MaACL
_jG-11631
_z-- Enc. hol., conservando la cub. original
_q-- Sólo T. V
999 _c151620
_d151620